Online
Catalog

Convención interamericana para la eliminación de todas las formas de discriminación contra las personas con discapacidad. (Record no. 38804)

MARC details
000 -CABECERA
campo de control de longitud fija 00882nam a2200169 a 4500
001 - NÚMERO DE CONTROL
campo de control 000039314
005 - FECHA Y HORA DE LA ÚLTIMA TRANSACCIÓN
campo de control 20250113112322.0
008 - DATOS DE LONGITUD FIJA--INFORMACIÓN GENERAL
campo de control de longitud fija 130621s2008 dr 000 0 spa d
040 ## - FUENTE DE LA CATALOGACIÓN
Centro catalogador/agencia de origen DO-SdBNP
Lengua de catalogación spa
Centro/agencia transcriptor BNPHU
111 2# - ENTRADA PRINCIPAL--NOMBRE DE CONGRESO/REUNIÓN
Nombre de congreso/reunión o jurisdicción como elemento de entrada Convención interamericana para la eliminación de todas las formas de discriminación contra las personas con discapacidad
Fecha del congreso/reunión (1999- Jun.- 7 :
Sede del congreso/Lugar de la reunión Santo Domingo)
9 (RLIN) 65505
245 10 - MENCIÓN DE TÍTULO
Título Convención interamericana para la eliminación de todas las formas de discriminación contra las personas con discapacidad.
260 ## - PUBLICACIÓN, DISTRIBUCIÓN, ETC.
Lugar de publicación, distribución, etc. Santo Domingo :
Nombre del editor, distribuidor, etc. OEA,
-- CONADIS,
Fecha de publicación, distribución, etc. 2008.
300 ## - DESCRIPCIÓN FÍSICA
Extensión [26 P.]. ;
Dimensiones 29 cm.
500 ## - NOTA GENERAL
Nota general Contiene declaración del decenio de las américas : Por los derechos y la dignidad de las personas con discapacidad (2006-2016)
710 2# - PUNTO DE ACCESO ADICIONAL--NOMBRE DE ENTIDAD CORPORATIVA
Nombre de entidad corporativa o nombre de jurisdicción como elemento de entrada Organización de Estados Americanos
9 (RLIN) 10360
710 1# - PUNTO DE ACCESO ADICIONAL--NOMBRE DE ENTIDAD CORPORATIVA
Nombre de entidad corporativa o nombre de jurisdicción como elemento de entrada Consejo Nacional sobre Discapacidad (CONADIS)
9 (RLIN) 65506
Holdings
Estado de retiro Estado de pérdida No para préstamo Código de colección Localización permanente Ubicación/localización actual Ubicación en estantería Fecha de adquisición Número de inventario Total de préstamos Signatura topográfica completa Código de barras Fecha visto por última vez Precio válido a partir de Tipo de ítem Koha Número de copia
    Excluido de préstamo Patrimonio Dominicano Patrimonio Dominicano Patrimonio Dominicano Depósito 21.06.2013 LF1   39314-10 25.06.2020 25.06.2020 Libro y Folleto Colección Patrimonio Dominicano  
    Excluido de préstamo Patrimonio Dominicano Patrimonio Dominicano Patrimonio Dominicano Depósito 21.06.2013 LF1   39314-20 25.06.2020 25.06.2020 Libro y Folleto Colección Patrimonio Dominicano e. 2

Powered by Koha